书目信息 |
| 题名: |
人机工程学
|
|
| 作者: | 杨明彦 , 林关成 | |
| 分册: | ||
| 出版信息: | 南京 南京大学出版社 2016.01 |
|
| 页数: | 105页 | |
| 开本: | 26cm | |
| 丛书名: | ||
| 单 册: | ||
| 中图分类: | TB18 | |
| 科图分类: | ||
| 主题词: | 人--机系统 | |
| 电子资源: | ||
| ISBN: | 978-7-305-16356-2 | |
| 000 | 00594nam0 2200205 450 | |
| 001 | 360 | |
| 005 | 20160905101401.95 | |
| 010 | @a978-7-305-16356-2@dCNY45.00 | |
| 100 | @a20160721d2016 km y0chiy0120 ea | |
| 101 | 0 | @achi |
| 102 | @aCN@b320000 | |
| 200 | 1 | @a人机工程学@Aren ji gong cheng xue@f杨明彦,林关成@Fyang ming yan,lin guan cheng |
| 210 | @a南京@c南京大学出版社@d2016.01 | |
| 215 | @a105页@d26cm | |
| 606 | 0 | @a人@x机系统 |
| 690 | @aTB18@v4 | |
| 701 | 0 | @a杨明彦@Ayang ming yan |
| 701 | 0 | @a林关成@Alin guan cheng |
| 801 | 0 | @aCN@b唐山师范学院图书馆@c20160721 |
| 905 | @aZUCC@dTB18@e162 | |
| 人机工程学/杨明彦,林关成.-南京:南京大学出版社,2016.01 |
| 105页;26cm |
| ISBN 978-7-305-16356-2:CNY45.00 |
| ● |
| 相关链接 |
|
|
|
|
正题名:人机工程学
索取号:TB18/162
 
预约/预借
| 序号 | 登录号 | 条形码 | 馆藏地/架位号 | 状态 | 备注 |
| 1 | 901545 | 209015457 | 第二样本阅览室/ [索取号:TB18/162] | 在馆 | |
| 2 | 901546 | 209015466 | 第三借阅区/ [索取号:TB18/162] | 在馆 | |
| 3 | 901547 | 209015475 | 第三借阅区/ [索取号:TB18/162] | 在馆 | |
| 4 | 901548 | 209015484 | 第三借阅区/ [索取号:TB18/162] | 在馆 |